1223 1534 1053 1152 1771 1050 1097 1819 1356 1717 1167 1628 1416 1482 1531 1868 1971 1941 1197 1177 1450 1072 1244 1482 1998 1695 1000 1673 1754 1701 1565 1039 1970 1559 1071 1135 1963 1068 1097 1807 1750 1259 1825 1166 1087 1863 1436 1187 1882 1573 1482 1475 1915 1652 1094 1107 1960 1594 1299 1361 1628 1038 1126 1470 1972 1962 1750 1899 1981 1677 1007 1919 1151 1751 1272 1837 1337 1965 1100 1472 1476 1525 1871 1892 1974 1926 1353 1948 1357 1956 1811 1530 1667 1611 1929 1840 1516 1632 1789 BCNSPRNW ULIB Ver.6.0+V

เปลี่ยนเป็นภาษาไทย

Change to English
 แสดงรายละเอียดบรรณานุกรม
  กลับหน้าหลัก

Brief Record : Get Marc (ISO 2709) : E-mail record : QR code < ปิดหน้าต่าง
LEADER : 00000nam 2200000uu 4500
001    13399122123
003     ULIB
008    121228s2543||||th 000 0 tha d
020    ^a9789744727374
090    ^aนว.^bก246ท
100    ^aจอร์น กริสแฮม
245    ^aทนายข้างถนน/^cจอร์น กริสแฮม
260    ^aกรุงเทพฯ :^bนานมีบุ๊คส์,^c2543
300    ^a448 หน้า
710    ^aวิมล กมลตระกูล แปล
945    ^p225^l0^i014085
995    ^aวิภา
999 ^a ทศพร
รายการนี้ยังไม่มีแท็ก
คุณยังไม่ได้ล็อกอิน คุณสามารถมีกิจกรรมร่วมกับเว็บไซต์ได้ แต่ต้องล็อกอินก่อน ::
  ล็อกอิน

รายการสื่อสารสนเทศ

ลำดับที่ ประเภท เลขเรียก/บาร์โค้ด สถานที่ สถานะ
1. นวนิยาย
นวนิยาย
นว. ก246ท  
  Barcode: 014085
ห้องสมุดวิทยาเขตสวรรค์ประชารักษ์
►นวนิยาย
บนชั้น
  ขอยืม

BibComment


ยังไม่เคยถูกคอมเมนท์

คอมเมนท์ทรัพยากรรายการนี้
  คอมเมนท์: ทนายข้างถนน จอร์..


 Copyright 2026. Bcnsprnw @Library